[Event "Eurasia Open Cup 2018"]
[Site "Jekaterienburg"]
[Date "2018.08.02"]
[Round "2"]
[White "Dilmukhametov, Artur"]
[Black "Rozum, Ivan"]
[Result "*"]
[WhiteElo "2354"]
[BlackElo "2581"]
[Annotator "TA"]
[PlyCount "23"]
[EventDate "2018.08.01"]
[EventType "swiss"]
[EventCountry "RUS"]
[SourceTitle "playchess.com"]
[Source "ChessBase"]
[SourceQuality "1"]

{[%evp 13,14,20,20]} 1. d4 Nf6 2. Nc3 d5 3. Bf4 a6 4. e3 e6 5. g4 c5 6. g5 {D00: 1 d4 d5: Unusual lines} Nfd7 7. Nf3 Nc6 {LiveBook: 4 Games} {Predecessor:} 8. a3 $146 b5 9. h4 Bb7 10. h5 Nb6 11. Ne5 Nxe5 12. Bxe5 {1-0 (26) Carlsen,M (2832)-Caruana,F (2808) Stavanger 2017} *

[Event "Eurasia Open Cup 2018"]
[Site "Jekaterienburg"]
[Date "2018.08.02"]
[Round "2"]
[White "Obgolts, Erik"]
[Black "Pridorozhni, Aleksei"]
[Result "1/2-1/2"]
[WhiteElo "2334"]
[BlackElo "2564"]
[Annotator "TA"]
[PlyCount "105"]
[EventDate "2018.08.01"]
[EventType "swiss"]
[EventCountry "RUS"]
[SourceTitle "playchess.com"]
[Source "ChessBase"]
[SourceQuality "1"]

{[%evp 10,105,19,8,19,0,11,-6,-12,-28,-14,-26,-21,-24,13,30,22,24,33,21,16,0,18,29,25,24,27,10,22,15,70,63,84,97,93,65,131,50,48,37,39,-62,-64,-64,-64,-62,-67,-60,-60,-79,-60,-65,-54,-72,-76,-88,-89,-88,-89,-89,-87,-85,-86,-91,-65,-64,-63,-68,-68,-68,-20,-22,-20,-53,-20,-25,-25,-25,-25,-25,-20,-12,-12,-15,-11,-11,-8,-11,-11,-25,-8,-8,-8,0,0,-18,0,-25]} 1. d4 g6 2. Nf3 Bg7 3. g3 c5 4. dxc5 (4. c3 Qa5 5. Nbd2 cxd4 6. Nb3 Qb6 7. Nbxd4 Nf6 8. Bg2 Nc6 9. O-O O-O 10. Qb3 Qc7 11. Qa4 Rb8 12. Nb5 Qb6 13. c4 {1-0 (37) Duda,J (2724)-Heberla,B (2570) Zgierz 2018}) 4... Na6 5. Bg2 Nxc5 6. O-O {LiveBook: 14 Partien. A40: Verschiedene (seltene) Antworten auf 1.d4} d6 7. c3 Bd7 $146 ({Vorgänger:} 7... Nf6 8. Nbd2 O-O 9. Nb3 Na4 10. Nfd4 Rb8 11. e4 Bd7 {0-1 (57) Machan,J (2152)-Kanovsky,D (2404) Prague 2014}) 8. Be3 Qc8 9. Nbd2 Nf6 10. a4 O-O 11. a5 Bh3 12. Bxh3 Qxh3 13. Bxc5 dxc5 14. Qb3 Rab8 15. Ra4 Qd7 16. Rd1 Rfd8 17. Raa1 Qc7 18. Nc4 e6 19. Qb5 Bh6 (19... Rd5 $11) 20. Rxd8+ Rxd8 {[#]} 21. a6 $1 {[%cal Ra6b7]} b6 22. Nfe5 Nd5 {[#]} (22... Bf8 $14) 23. Rd1 (23. Qc6 $1 $16) 23... Bg7 $1 $14 {[%cal Rg7e5]} 24. Nc6 Rd7 25. e4 (25. Re1 $14) 25... Nxc3 $1 $15 26. Rxd7 Nxb5 27. Rxc7 Nxc7 28. Nxa7 {[%mdl 4096] Endspiel KLS-KSS} b5 29. Nd6 Bxb2 {zielt auf ...b4 ab.} (29... b4 {is more complex.} 30. Nc4 Nxa6 31. Nc6 Kf8 32. f4 Ke8) 30. Naxb5 Nxa6 31. Kf1 g5 32. h3 Kg7 33. Ke2 Nb4 34. Nc4 Ba1 35. f4 gxf4 36. gxf4 Nc6 37. Nbd6 Bd4 38. Kf3 Kg6 39. e5 Ne7 40. Ke4 Bg1 41. Nd2 h6 42. N2c4 Bf2 43. Kf3 Bd4 44. Ke4 Bg1 45. Nd2 Nc6 46. f5+ Kg7 47. N2c4 Bd4 48. Ne8+ Kf8 49. Nf6 exf5+ 50. Kxf5 {Die Stellung ist ausgeglichen.} Ne7+ 51. Ke4 Kg7 52. h4 Kg6 53. Nd7 {Precision: Weiß = 59%, Schwarz = 58%.} 1/2-1/2

[Event "Eurasia Open Cup 2018"]
[Site "Jekaterienburg"]
[Date "2018.08.02"]
[Round "2"]
[White "Shapiro, David"]
[Black "Matsenko, Sergei"]
[Result "1-0"]
[WhiteElo "2326"]
[BlackElo "2533"]
[Annotator "TA"]
[PlyCount "107"]
[EventDate "2018.08.01"]
[EventType "swiss"]
[EventCountry "RUS"]
[SourceTitle "playchess.com"]
[Source "ChessBase"]
[SourceQuality "1"]

{[%evp 16,107,5,-12,0,0,0,-11,-5,-1,-7,-13,-4,-24,-17,-38,-51,-51,137,138,143,138,143,144,147,143,141,152,145,82,130,121,118,134,131,118,122,127,133,129,118,128,146,143,142,114,191,191,191,174,197,193,197,192,299,299,285,285,291,287,283,164,494,481,464,451,544,528,517,522,617,585,661,633,801,722,777,759,765,759,734,708,12833,12833,12833,12834,12842,12838,12837,12839,12843,12843,12843,12843]} 1. Nf3 Nf6 2. c4 e6 3. g3 b6 4. Bg2 Bb7 5. d4 Bb4+ 6. Bd2 c5 7. O-O O-O 8. a3 {E16: Queen's Indian: 4 g3 Bb7 5 Bg2 Bb4+} (8. Bxb4 cxb4 9. Qd3 d6 10. Nbd2 Qe7 11. e4 e5 12. Ne1 Nc6 13. Nc2 a5 14. Rfe1 Rfe8 15. Rad1 Nd7 16. Nf1 Red8 17. Nfe3 g6 18. b3 Nxd4 19. Nxd4 exd4 20. Qxd4 {½-½ (45) Ding,L (2777)-Ponkratov,P (2613) Riadh 2017}) 8... Bxd2 9. Qxd2 {LiveBook: 3 Games} cxd4 10. Qxd4 {The position is equal.} Nc6 11. Qh4 Rc8 12. Nbd2 Ne7 13. Rfd1 {[#]} Rc7 $146 ({Predecessor:} 13... Nf5 14. Qf4 Qc7 15. Qxc7 Rxc7 {½-½ (44) Volodin,A (2468)-Meskovs,N (2524) Riga 2017}) 14. Qf4 Qc8 15. Ne5 Bxg2 16. Kxg2 Rd8 $2 (16... d6 $15 {stays ahead.} 17. Ng4 Nxg4 18. Qxg4 b5 $1 {[%mdl 512]}) 17. Ne4 $16 Ng6 18. Nxf6+ gxf6 19. Qxf6 Nxe5 20. Qxe5 {Qg5+ is the strong threat.} Rxc4 21. Qg5+ Kf8 22. Rac1 (22. b3 $142 Rc2 23. Rd4) 22... Rxc1 23. Rxc1 {[%mdl 4096] Endgame KQR-KQR} Qb7+ 24. f3 Rc8 25. Qh6+ Kg8 26. Rd1 $1 $40 {[%cal Rd1d4][%mdl 128] Threatens to win with Rd4. White wants a kill.} Qa6 27. Qg5+ Kf8 28. Rd2 $1 ({Don't play} 28. Rxd7 $6 Qxe2+ 29. Kh3 Qxf3 $11) 28... Rc5 29. Qd8+ Kg7 30. Kf2 d5 (30... Qb5 $16 {was necessary.}) 31. Qg5+ $18 Kf8 {[#]} 32. Qh6+ $1 Ke7 {[#]} 33. Qh4+ $1 ({Resist} 33. Qxh7 $6 Qc4 $16) 33... Ke8 34. Qxh7 Qc4 (34... Rc4 $142 35. Qg8+ Ke7 36. Qg5+ Ke8) 35. Qh8+ Ke7 36. Rd4 Qc2 37. Rf4 Rc7 38. Qg7 (38. b4 $142) 38... Kd6 $2 (38... Qg6 39. Qh8 Rd7) 39. Rxf7 {White is clearly winning.} Rxf7 40. Qxf7 Qxb2 41. Qxa7 {KQ-KQ} e5 42. Qa4 Qa1 43. Kg2 Kc7 44. Qc2+ Kb7 45. Qb3 Qd4 46. Qd3 {Black must now prevent Qxd4.} Qc5 47. h4 {[%cal Bh2h4,Bh4h5,Bh5h6,Bh6h7][%mdl 32]} Qc6 48. h5 Ka7 49. Qh7+ Ka6 50. Qg6 Qc3 51. h6 e4 52. h7 Qe3 53. Kh3 Qg1 54. Kg4 {Precision: White = 74%, Black = 41%.} 1-0

[Event "Eurasia Open Cup 2018"]
[Site "Jekaterienburg"]
[Date "2018.08.02"]
[Round "2"]
[White "Rudometov, Maxim"]
[Black "Tsydypov, Zhamsaran"]
[Result "1/2-1/2"]
[WhiteElo "2279"]
[BlackElo "2514"]
[Annotator "RC"]
[PlyCount "83"]
[EventDate "2018.08.01"]
[EventType "swiss"]
[EventCountry "RUS"]
[SourceTitle "playchess.com"]
[Source "ChessBase"]
[SourceQuality "1"]
[TimeControl "5400+30"]

1. c4 {[%emt 1:15:20]} e5 {[%emt 1:15:21]} 2. g3 {[%emt 0:00:24]} Nf6 {[%emt 0:00:22]} 3. Bg2 {[%emt 0:00:21]} d5 {[%emt 0:00:22]} 4. cxd5 {[%emt 0:00:21]} Nxd5 {[%emt 0:00:22]} 5. Nc3 {[%emt 0:00:22]} Nb6 {[%emt 0:00:22]} 6. Nf3 {[%emt 0:00:22]} Nc6 {[%emt 0:00:23]} 7. O-O {[%emt 0:00:21]} Be7 {[%emt 0:00:22]} 8. d3 {[%emt 0:00:22]} O-O {[%emt 0:00:21]} 9. Be3 {[%emt 0:00:23]} Be6 {[%emt 0:00:21]} 10. Rc1 {[%emt 0:00:22]} f6 {[%emt 0:00:22]} 11. Ne4 {[%emt 0:00:23]} Bf7 {[%emt 0:00:23]} 12. Bc5 {[%emt 0:00:22]} Nd5 {[%emt 0:00:23]} 13. Qa4 {[%emt 0:00:22]} Qe8 {[%emt 0:00:22]} 14. Bxe7 {[%emt 0:00:25]} Ndxe7 {[%emt 0:00:24]} 15. Rfd1 {[%emt 0:00:22]} Nf5 {[%emt 0:00:22]} 16. e3 {[%emt 0:00:22]} Nd6 {[%emt 0:00:23]} 17. Nfd2 {[%emt 0:00:24]} a5 {[%emt 0:00:22]} 18. Nxd6 {[%emt 0:00:24]} cxd6 {[%emt 0:00:37]} 19. Nc4 {[%emt 0:00:21]} Qe7 {[%emt 0:00:26]} 20. Nb6 {[%emt 0:00:21]} Rab8 {[%emt 0:00:23]} 21. Qb5 {[%emt 0:00:22]} Be8 {[%emt 0:00:22]} 22. Nd5 {[%emt 0:00:22]} Qd8 {[%emt 0:00:22]} 23. Qb6 {[%emt 0:00:22]} Rf7 {[%emt 0:00:22]} 24. a3 {[%emt 0:00:25]} f5 {[%emt 0:00:21]} 25. f4 {[%emt 0:00:30]} g6 {[%emt 0:00:25]} 26. Kf2 {[%emt 0:00:21]} Kg7 {[%emt 0:00:23]} 27. Rc3 {[%emt 0:00:22]} Bd7 {[%emt 0:00:22]} 28. Qxd8 {[%emt 0:00:23]} Rxd8 {[%emt 0:00:24]} 29. Nb6 {[%emt 0:00:22]} Be8 {[%emt 0:00:24]} 30. d4 {[%emt 0:00:27]} e4 {[%emt 0:00:23]} 31. Bf1 {[%emt 0:01:36]} d5 {[%emt 0:00:59]} 32. Rc5 {[%emt 0:00:23]} Ne7 {[%emt 0:00:31]} 33. Rxa5 {[%emt 0:00:22]} Rf6 {[%emt 0:00:22]} 34. Na4 {[%emt 0:00:27]} Bxa4 {[%emt 0:00:24]} 35. Rxa4 {[%emt 0:00:23]} Rc8 {[%emt 0:01:48]} 36. Rb4 {[%emt 0:00:22]} Rc2+ {[%emt 0:00:22]} 37. Be2 {[%emt 0:00:22]} b6 {[%emt 0:00:23]} 38. Ke1 {[%emt 0:00:23]} Rfc6 {[%emt 0:00:21]} 39. Rd2 {[%emt 0:00:23]} Rc1+ {[%emt 0:00:22]} 40. Rd1 {[%emt 0:00:22]} R1c2 {[%emt 0:00:22]} 41. Rd2 {[%emt 0:00:59]} Rc1+ {[%emt 0:00:22]} 42. Rd1 {[%emt 0:00:25]} 1/2-1/2

[Event "Eurasia Open Cup 2018"]
[Site "Jekaterienburg"]
[Date "2018.08.02"]
[Round "2"]
[White "Tsybikov, Tumen"]
[Black "Kabanov, Nikolai"]
[Result "*"]
[WhiteElo "2272"]
[BlackElo "2475"]
[Annotator "TA"]
[PlyCount "38"]
[EventDate "2018.08.01"]
[EventType "swiss"]
[EventCountry "RUS"]
[SourceTitle "playchess.com"]
[Source "ChessBase"]
[SourceQuality "1"]

{[%evp 21,24,31,31,18,43]} 1. e4 c5 2. Nf3 {[%cal Bg1f3,Bf3d4,Bd4b5,Bb5c3][%mdl 32]} e6 3. d4 cxd4 4. Nxd4 Nc6 5. Nc3 Nf6 6. Ndb5 Bb4 7. a3 Bxc3+ 8. Nxc3 d5 9. exd5 exd5 10. Bg5 d4 11. Qe2+ Be6 {LiveBook: 6 Partien} 12. O-O-O {B45: Sizilianisch (Klassisches System)} h6 {Vorgänger:} 13. Bh4 $146 O-O 14. Ne4 g5 15. Nxf6+ Qxf6 16. Bg3 Rfe8 17. Qd2 Bf5 18. Bd3 Rac8 19. h4 g4 {1-0 (42) Ipatov,A (2583)-Efimov,A (2020) Izhevsk 2013} *

[Event "Eurasia Open Cup 2018"]
[Site "Jekaterienburg"]
[Date "2018.08.02"]
[Round "2"]
[White "Zasukhin, Vadim"]
[Black "Fakhrutdinov, Timur"]
[Result "1/2-1/2"]
[WhiteElo "2252"]
[BlackElo "2463"]
[Annotator "TA"]
[PlyCount "52"]
[EventDate "2018.08.01"]
[EventType "swiss"]
[EventCountry "RUS"]
[SourceTitle "playchess.com"]
[Source "ChessBase"]
[SourceQuality "1"]

{[%evp 17,52,21,20,15,5,8,11,5,14,9,28,2,17,10,14,14,17,9,14,0,3,0,8,6,8,0,0,-2,-2,-12,0,-10,0,0,0,0,18]} 1. e4 e5 2. Nf3 Nc6 3. Bb5 Nf6 4. O-O Nxe4 5. d4 {[%cal Bd2d4,Bd4e5][%mdl 32]} Nd6 6. dxe5 Nxb5 7. a4 Nbd4 {C67: Ruy Lopez: Berlin Defence: 4 0-0 Nxe4} 8. Nxd4 d6 (8... Nxd4 9. Qxd4 d5 10. Qd3 c6 11. a5 Qd7 12. f4 Qf5 13. Qc3 Bd7 14. Qb3 Bc5+ 15. Be3 Bxe3+ 16. Qxe3 Qxc2 17. Qa3 {0-1 (41) Grischuk,A (2766)-Nakamura,H (2769) Leuven 2018}) 9. Nxc6 bxc6 {LiveBook: 8 Games} 10. exd6 Bxd6 11. Re1+ $146 ({Predecessor:} 11. Nc3 O-O 12. Qf3 Bd7 13. Ne4 Qh4 14. Nxd6 cxd6 15. Qf4 Qxf4 16. Bxf4 {½-½ (35) Guseinov,G (2613)-Mamedov,R (2659) Dubai 2014}) 11... Be6 {[%cal Bc8e6,Be6d5,Bd5e4][%mdl 32]} 12. Qf3 O-O 13. Nc3 Bd5 14. Qh5 Bb4 {The position is equal.} 15. Be3 Bxc3 16. bxc3 Re8 17. Bd4 Be4 18. Qg4 {[%csl Gd4][%cal Rg4g7] [#]} Bg6 19. Qg3 (19. h4 {seems wilder.} h5 20. Qf4 Re7 21. Qf3 a6 22. Qxc6 Qe8 23. Qxe8+ Raxe8 24. Rxe7 Rxe7 25. Rb1) 19... f6 20. Rxe8+ Bxe8 21. Qe3 a5 22. Qe6+ Kh8 23. h3 Qd6 24. Qb3 c5 25. Be3 Rd8 26. Qc4 Qd5 {Precision: White = 44%, Black = 36%.} 1/2-1/2

[Event "Eurasia Open Cup 2018"]
[Site "Jekaterienburg"]
[Date "2018.08.02"]
[Round "2"]
[White "Zasukhin, Vadim"]
[Black "Fakhrutdinov, Timur"]
[Result "*"]
[WhiteElo "2252"]
[BlackElo "2463"]
[Annotator "TA"]
[PlyCount "30"]
[EventDate "2018.08.01"]
[EventType "swiss"]
[EventCountry "RUS"]
[SourceTitle "playchess.com"]
[Source "ChessBase"]
[SourceQuality "1"]

{[%evp 17,20,0,2,0,-10]} 1. e4 e5 2. Nf3 Nc6 3. Bb5 Nf6 4. O-O Nxe4 5. d4 {[%cal Bd2d4,Bd4e5][%mdl 32]} Nd6 6. dxe5 Nxb5 7. a4 Nbd4 {C67: Ruy Lopez: Berlin Defence: 4 0-0 Nxe4} 8. Nxd4 d6 (8... Nxd4 9. Qxd4 d5 10. Qd3 c6 11. a5 Qd7 12. f4 Qf5 13. Qc3 Bd7 14. Qb3 Bc5+ 15. Be3 Bxe3+ 16. Qxe3 Qxc2 17. Qa3 {0-1 (41) Grischuk,A (2766)-Nakamura,H (2769) Leuven 2018}) 9. Nxc6 bxc6 {LiveBook: 8 Games} 10. exd6 Bxd6 {Predecessor:} 11. Qh5 $146 O-O 12. Nc3 f5 13. Re1 Qf6 14. Bg5 Qf7 15. Qxf7+ Kxf7 {0-1 (51) Travkina,A (2227)-Musalov,R (2365) Taganrog 2014} *

[Event "Eurasia Open Cup 2018"]
[Site "Jekaterienburg"]
[Date "2018.08.02"]
[Round "2"]
[White "Yuferev, Oleg"]
[Black "Mokshanov, Alexey"]
[Result "*"]
[WhiteElo "2223"]
[BlackElo "2439"]
[Annotator "TA RC"]
[PlyCount "33"]
[EventDate "2018.08.01"]
[EventType "swiss"]
[EventCountry "RUS"]
[SourceTitle "playchess.com"]
[Source "ChessBase"]
[SourceQuality "1"]

{[%evp 9,9,25]} 1. Nf3 d5 2. d4 e6 3. c4 dxc4 4. g3 (4. e3 b5 5. a4 b4 6. Bxc4 Nf6 7. a5 a6 8. Nbd2 Bb7 9. O-O c5 10. Nb3 Nbd7 11. dxc5 Nxc5 12. Nxc5 Bxc5 {1-0 (45) Bluebaum,M (2631)-Anand,V (2776) Karlsruhe/Baden-Baden 2018}) 4... a6 5. Bg2 {Predecessor:} Nc6 $146 6. O-O Rb8 7. e4 Nf6 8. Nc3 Be7 9. Qe2 Nxd4 10. Nxd4 Qxd4 11. Rd1 Qc5 12. Be3 Qa5 13. Bd2 Qc5 14. Be3 Qa5 15. Bd2 Qc5 16. e5 Nd7 17. Ne4 {0-1 (47) Halkias,S (2583)-Ibarra Jerez,J (2561) Heraklio 2017} *